000
00340nam a2200133Ia 4500
008
230818s2008 xx 000 0 und d
041
_a
eng
100
_a
Andrews
245
_a
Text book of hotel housekeeping Management &Operation
260
_b
Tata MC Graw
_c
2008
300
_a
478p
520
_a
General
999
_c
852379
_d
852379
650
_a
Hotel Housekeeping